| 000 | 00829nam a2200229Ii 4500 | ||
|---|---|---|---|
| 003 | JO-AjNU | ||
| 008 | 230605s9999||||xx |||||||||||||| ||und|| | ||
| 017 | _a2000/2980 | ||
| 020 | _a977-5411-17-3 | ||
| 040 |
_aJO-AjNU _bara _erda _cJO-AjNU |
||
| 041 | _aara | ||
| 050 | 1 | 4 | _aDT70 2000 |
| 100 | 3 |
_aحسنين، عادل, _eauthor _919041 |
|
| 245 | 0 | 0 | _aمصر والمصريون: من الملكية الى الجمهورية، ج1 |
| 250 | _aط1 | ||
| 264 | 3 | 1 | _aالقاهرة: دار أمادو للنشر، 2000 |
| 300 |
_aج1،1-234ص _bمراجع الجزء الاول ص 225 ؛ فهرس الاحداث ص226-234 |
||
| 336 |
_atext _btxt _2rdacontent |
||
| 337 |
_aunmediated _bn _2rdamedia |
||
| 338 |
_avolume _bnc _2rdacarrier |
||
| 650 | 4 |
_aمصر- تاريخ- من الملكية الى الجمهورية _919042 |
|
| 999 |
_aA6202 _c9770 _d9770 |
||